书目信息 |
| 题名: |
奇婚记
|
|
| 作者: | 米克沙特 , Миксат 著 ;朱微明 , 肖中 译 | |
| 分册: | ||
| 出版信息: | 上海 上海译文出版社 1981 |
|
| 页数: | 421页 | |
| 开本: | 19cm | |
| 丛书名: | ||
| 单 册: | ||
| 中图分类: | I515.44 , I515.4 | |
| 科图分类: | ||
| 主题词: | 长篇小说--匈牙利--近代 | |
| 电子资源: | ||
| ISBN: | ||
| 000 | 00925nam0 2200325 45 | |
| 001 | 0181008532 | |
| 005 | 20040413090652.8 | |
| 010 | @dCNY1.15 | |
| 091 | @a10188.27 | |
| 100 | @a19950531d1981 em y0chiy0121 ea | |
| 101 | 1 | @achi@brus@chun |
| 102 | @aCN@b310000 | |
| 105 | @af z 000ay | |
| 106 | @ar | |
| 200 | 10 | @a奇婚记@Aqi hun ji@f(匈)米克沙特(К.Миксат)著@g朱微明, 肖中译 |
| 205 | @a新1版 | |
| 210 | @a上海@c上海译文出版社@d1981 | |
| 215 | @a421页@c插图@d19cm | |
| 300 | @a书名原文:Странный брак | |
| 510 | 1 | @aСтранный брак |
| 606 | @a长篇小说@y匈牙利@z近代 | |
| 690 | @aI515.44@v3 | |
| 690 | @aI515.4 | |
| 701 | 0 | @a米克沙特@Ami ke sha te@bК.@4著 |
| 701 | 0 | @aМиксат@bК.@4著 |
| 702 | 0 | @a朱微明@Azhu wei ming@4译 |
| 702 | 0 | @a肖中@Axiao zhong@4译 |
| 801 | 0 | @aCN@b上海图书馆@c20040413 |
| 801 | 2 | @aCN@bNLC@c20040413 |
| 905 | @f1@b53169@dI515.4@e15 | |
| 奇婚记/(匈)米克沙特(К.Миксат)著/朱微明, 肖中译.-新1版.-上海:上海译文出版社,1981 |
| 421页:插图;19cm |
| 书名原文:Странный брак |
| ISBN :CNY1.15 |
| ● |
| 相关链接 |
|
|
|
|
正题名:奇婚记
索取号:I515.4/15
 
预约/预借
| 序号 | 登录号 | 条形码 | 馆藏地/架位号 | 状态 | 备注 |
| 1 | 0053166 | 000334427 | 第二借阅区/ [索取号:I515.4/15] | 在馆 | |
| 2 | 0053169 | 000334383 | 第二借阅区/ [索取号:I515.4/15] | 在馆 | |
| 3 | 0053170 | 000334463 | 第二借阅区/ [索取号:I515.4/15] | 在馆 | |
| 4 | 0053171 | 000334506 | 第二借阅区/ [索取号:I515.4/15] | 在馆 | |
| 5 | 0053173 | 000334267 | 第二借阅区/ [索取号:I515.4/15] | 在馆 | |
| 6 | 0246473 | 000334347 | 第二借阅区/ [索取号:I515.4/15] | 在馆 | |
| 7 | 0246475 | 000334258 | 第二借阅区/ [索取号:I515.4/15] | 在馆 | |
| 8 | 0246476 | 000334301 | 第一样本阅览室/ [索取号:I515.4/15] | 在馆 |